[Event "Dieren op"]
[Site "Dieren"]
[Date "2009.07.27"]
[Round "6"]
[White "Wempe, Joost"]
[Black "Kabanof, Nikolai"]
[Result "1/2-1/2"]
[WhiteElo "2282"]
[BlackElo "2137"]
[PlyCount "131"]
[EventDate "2009.07.21"]
[EventType "swiss"]
[EventRounds "9"]
[EventCountry "NED"]
[SourceTitle "CBM 131 Extra"]
[Source "ChessBase"]
[SourceDate "2009.09.03"]
[SourceVersion "2"]
[SourceVersionDate "2009.09.16"]
[SourceQuality "1"]

1. d4 g6 2. c4 Bg7 3. e4 d6 4. Nf3 Nc6 5. Be3 Nf6 6. Nc3 Ng4 7. Bg5 h6 8. Bh4 0-0 9. Be2 Nf6 10. d5 Nb8 11. Nd2 c6 12. Rc1 a5 13. 0-0 Na6 14. Kh1 Nc5 15. f3 g5 16. Bf2 Ncd7 17. Be3 Ne5 18. f4 Neg4 19. Bxg4 Nxg4 20. Bg1 gxf4 21. Rxf4 Ne5 22. Qe2 Ng6 23. Rff1 Bd7 24. Nf3 c5 25. Be3 a4 26. Qd2 Kh7 27. Ne2 Qa5 28. Qc2 Qb4 29. Rb1 b5 30. b3 axb3 31. axb3 bxc4 32. bxc4 Qa4 33. Qd3 f5 34. exf5 Bxf5 35. Ng5+ hxg5 36. Rxf5 Qa3 37. Qxa3 Rxa3 38. Rxf8 Rxe3 39. Rf2 Ne5 40. Ng3 Nxc4 41. Rb7 Kg6 42. Re2 Bf6 43. Rxe3 Nxe3 44. Ne4 Nxd5 45. Kg1 Bd4+ 46. Kf1 c4 47. Ke2 Kf5 48. Nd2 c3 49. Rb5 e6 50. Nf3 Bc5 51. Kd3 e5 52. Ne1 g4 53. Kc4 Ke6 54. Nd3 Ne3+ 55. Kxc3 Bd4+ 56. Kd2 Nxg2 57. Rb8 Nh4 58. Ne1 e4 59. Rg8 Kf5 60. Nc2 Nf3+ 61. Ke2 d5 62. Nxd4+ Nxd4+ 63. Ke3 Ne6 64. Ra8 d4+ 65. Kf2 e3+ 66. Ke2 1/2-1/2

[Event "Dieren op"]
[Site "Dieren"]
[Date "2008.07.22"]
[Round "1"]
[White "Kabanof, Nikolai"]
[Black "Wohl, Aleksandar H"]
[Result "0-1"]
[WhiteElo "2132"]
[BlackElo "2384"]
[PlyCount "92"]
[EventDate "2008.07.22"]
[EventType "swiss"]
[EventRounds "9"]
[EventCountry "NED"]
[SourceTitle "CBM 125 Extra"]
[Source "ChessBase"]
[SourceDate "2008.09.01"]
[SourceVersion "1"]
[SourceVersionDate "2008.09.01"]
[SourceQuality "1"]

1. c4 b6 2. Nf3 Bb7 3. b4 e6 4. b5 Nf6 5. Bb2 Be7 6. e3 0-0 7. Be2 d6 8. 0-0 Nbd7 9. d4 Ne4 10. Nfd2 f5 11. f3 Nef6 12. Qb3 Qe8 13. Nc3 Kh8 14. Bd3 Qh5 15. Rae1 d5 16. Ba3 Bxa3 17. Qxa3 a6 18. Qb3 axb5 19. Nxb5 Rac8 20. Nc3 Qg5 21. Rf2 f4 22. e4 c5 23. exd5 exd5 24. cxd5 cxd4 25. Nce4 Qxd5 26. Bc4 Qe5 27. Rfe2 Bxe4 28. Nxe4 Nc5 29. Qb5 d3 30. Bxd3 Qd4+ 31. Nf2 Nd5 32. Re8 Ne3 33. Rxf8+ Rxf8 34. Qxb6 Qc3 35. Qb1 h5 36. Bf1 Rd8 37. Rc1 Qd4 38. Qb6 Rd5 39. Qg6 Qe5 40. Bd3 Kg8 41. Be4 Rd6 42. Qh7+ Kf7 43. Nd3 Qg5 44. Nxf4 Rh6 45. Bg6+ Kf6 46. Nxh5+ Rxh5 0-1

[Event "Dieren op"]
[Site "Dieren"]
[Date "2007.08.01"]
[Round "8"]
[White "Kleijn, Christov"]
[Black "Kabanof, Nikolai"]
[Result "1-0"]
[WhiteElo "2194"]
[BlackElo "2282"]
[PlyCount "61"]
[EventDate "2007.07.24"]
[EventType "swiss"]
[EventRounds "9"]
[EventCountry "NED"]
[SourceTitle "CBM 119 Extra"]
[Source "ChessBase"]
[SourceDate "2007.09.04"]
[SourceVersion "1"]
[SourceVersionDate "2007.09.04"]
[SourceQuality "1"]

1. e4 g6 2. d4 d6 3. Nc3 Bg7 4. Be3 a6 5. f4 b5 6. Bd3 Nd7 7. e5 Bb7 8. Nf3 e6 9. Qd2 Ne7 10. a4 Bxf3 11. gxf3 b4 12. Ne4 Nf5 13. Bf2 Qb8 14. a5 0-0 15. Ra4 c5 16. dxc5 dxe5 17. c6 Nf6 18. Nxf6+ Bxf6 19. Rxb4 Qd6 20. Bxf5 Qxd2+ 21. Kxd2 exf5 22. fxe5 Bxe5 23. Bb6 Rac8 24. f4 Bg7 25. c7 Rfe8 26. Re1 Re4 27. Rexe4 fxe4 28. Rxe4 Bxb2 29. c3 Ba3 30. Rd4 Be7 31. Rd8+ 1-0

[Event "Dieren op"]
[Site "Dieren"]
[Date "2007.07.27"]
[Round "4"]
[White "Van Vliet, Harry"]
[Black "Kabanof, Nikolai"]
[Result "1-0"]
[WhiteElo "2023"]
[BlackElo "2282"]
[PlyCount "89"]
[EventDate "2007.07.24"]
[EventType "swiss"]
[EventRounds "9"]
[EventCountry "NED"]
[SourceTitle "CBM 119 Extra"]
[Source "ChessBase"]
[SourceDate "2007.09.04"]
[SourceVersion "1"]
[SourceVersionDate "2007.09.04"]
[SourceQuality "1"]

1. d4 Nf6 2. c4 g6 3. Nc3 Bg7 4. e4 d6 5. Be2 c6 6. Nf3 0-0 7. 0-0 Qc7 8. h3 e5 9. d5 c5 10. g4 Qe7 11. Bg5 h6 12. Be3 Kh7 13. Ne1 Na6 14. a3 Nc7 15. b4 b6 16. f3 Ng8 17. Nd3 f5 18. Kg2 Ne8 19. Re1 Bf6 20. Qd2 a5 21. b5 Ra7 22. Rg1 Bh4 23. Bf2 Bxf2 24. Nxf2 Qh4 25. Raf1 Raf7 26. Nd3 h5 27. Qe1 Qg5 28. Qc1 Qe7 29. g5 Qd7 30. Rh1 fxe4 31. fxe4 Rxf1 32. Bxf1 Ng7 33. Be2 Ne7 34. Na4 Qd8 35. Rf1 Rxf1 36. Qxf1 Nxd5 37. cxd5 c4 38. Ndb2 Qxg5+ 39. Kh2 h4 40. Qf2 Bd7 41. Nxc4 Bxb5 42. Naxb6 Ne8 43. a4 Ba6 44. Nd7 Kg7 45. Nxd6 1-0

[Event "Dieren op"]
[Site "Dieren"]
[Date "2007.07.25"]
[Round "2"]
[White "Van der Elburg, Freddie"]
[Black "Kabanof, Nikolai"]
[Result "1-0"]
[WhiteElo "2339"]
[BlackElo "2282"]
[PlyCount "83"]
[EventDate "2007.07.24"]
[EventType "swiss"]
[EventRounds "9"]
[EventCountry "NED"]
[SourceTitle "CBM 119 Extra"]
[Source "ChessBase"]
[SourceDate "2007.09.04"]
[SourceVersion "1"]
[SourceVersionDate "2007.09.04"]
[SourceQuality "1"]

1. c4 b6 2. Nc3 Bb7 3. d4 Nf6 4. d5 g6 5. e4 d6 6. Be2 Bg7 7. h4 h5 8. Bg5 Nbd7 9. Qd2 Nc5 10. f3 Qd7 11. Nh3 a5 12. Nf2 Ba6 13. 0-0 0-0 14. Rfe1 Kh7 15. Bf1 Ng8 16. Rac1 e5 17. dxe6 fxe6 18. f4 Rf7 19. g3 Raf8 20. b3 Bb7 21. Bh3 Qc6 22. Qd1 Bc8 23. Nb5 Bd7 24. e5 dxe5 25. Bg2 e4 26. a3 e5 27. b4 axb4 28. axb4 exf4 29. gxf4 Rxf4 30. Bxf4 Rxf4 31. bxc5 Qxc5 32. Qd2 Rf7 33. Rc2 Bc6 34. Qe3 Qb4 35. Bxe4 Re7 36. Rce2 Bxb5 37. cxb5 Bd4 38. Qg5 Kh8 39. Bxg6 Bxf2+ 40. Kxf2 Qd4+ 41. Kg2 Rxe2+ 42. Rxe2 1-0